तन्त्रोक्तश्रीव्यिा -श्रीभार्गवकवच संस्कृत-मराठी. (Record no. 1346197)

MARC details
000 -LEADER
fixed length control field 00912nam a2200181Ia 4500
008 - FIXED-LENGTH DATA ELEMENTS--GENERAL INFORMATION
fixed length control field 151202s9999||||xx |||||||||||||| ||und||
082 ## - DEWEY DECIMAL CLASSIFICATION NUMBER
Item number PNVM-81589
100 ## - MAIN ENTRY--PERSONAL NAME
Personal name पारखे म.स/बाबूराव.
245 ## - TITLE STATEMENT
Title तन्त्रोक्तश्रीव्यिा -श्रीभार्गवकवच संस्कृत-मराठी.
260 ## - PUBLICATION, DISTRIBUTION, ETC. (IMPRINT)
Name of publisher, distributor, etc मोंडकर ज.आ. मुंबई.
260 ## - PUBLICATION, DISTRIBUTION, ETC. (IMPRINT)
Date of publication, distribution, etc 1965
300 ## - PHYSICAL DESCRIPTION
Extent 38
600 ## - SUBJECT ADDED ENTRY--PERSONAL NAME
Personal name पारखे म.स/बाबूराव.
630 ## - SUBJECT ADDED ENTRY--UNIFORM TITLE
Uniform title तन्त्रोक्तश्रीव्यिा -श्रीभार्गवकवच संस्कृत-मराठी.
700 ## - ADDED ENTRY--PERSONAL NAME
Personal name पारखे म.स/बाबूराव.
730 ## - ADDED ENTRY--UNIFORM TITLE
Uniform title तन्त्रोक्तश्रीव्यिा -श्रीभार्गवकवच संस्कृत-मराठी.
942 ## - ADDED ENTRY ELEMENTS (KOHA)
Koha item type Book
Holdings
Withdrawn status Lost status Damaged status Not for loan Home library Current library Date acquired Cost, normal purchase price Total Checkouts Full call number Barcode Date last seen Cost, replacement price Price effective from Koha item type
        Pune Nagar Vachan Mandir, Pune Pune Nagar Vachan Mandir, Pune 06/21/2015 0.00   PNVM-81589 PNVM-81589 12/02/2015 0.00 12/02/2015 Book